<?xml version="1.0" encoding="UTF-8"?>
<marc:record xmlns:marc="http://www.loc.gov/MARC21/slim">
   <marc:leader>00000nam a2200000 a 4500</marc:leader>
   <marc:datafield ind1=" " ind2=" " tag="653">
      <marc:subfield code="a">Geschicklichkeitsspiel</marc:subfield>
   </marc:datafield>
   <marc:datafield ind1=" " ind2=" " tag="653">
      <marc:subfield code="a">Konsolenspiel</marc:subfield>
   </marc:datafield>
   <marc:datafield ind1=" " ind2=" " tag="653">
      <marc:subfield code="a">SW.SPK</marc:subfield>
   </marc:datafield>
   <marc:datafield ind1="0" ind2="0" tag="245">
      <marc:subfield code="a">Yoshi's Crafted  World</marc:subfield>
   </marc:datafield>
   <marc:datafield ind1="1" ind2=" " tag="520">
      <marc:subfield code="a">&#x95;Erlebe ein neues Plattform-Abenteuer mit Yoshi! &#xD;
&#x95;Jeder Level bietet einen Hauptweg und einen vesteckten Weg voller Überraschungen! &#xD;
&#x95;Der lebendige Grafikstil lässt die Level wie Mini-Dioramen wirken! &#xD;
&#x95;Geniesse die Action mit einem zweiten Mitspieler</marc:subfield>
   </marc:datafield>
</marc:record>
